00330pab a2200121 454500008004000000100002000040245004500060260000900105300001200114362001200126650001400138773005600152180718b2001 xxu||||| |||| 00| 0 eng d aSuryaprasad, K. aElectoral reforms: plea for a fresh look c2001 ap.1-24. aJul-Dec aElections aJournal of Constitutional and Parliamentary Studies